| 000 | 01397nam a2200361 a 4500 | ||
|---|---|---|---|
| 001 | 000115015 | ||
| 003 | CHAP | ||
| 005 | 20220329144509.0 | ||
| 008 | 180831s2018 mx |sm |||||||spa d | ||
| 010 | _a111476 | ||
| 011 | _a112448 | ||
| 040 | _cCHAP | ||
| 090 | _aTesis | ||
| 100 | 1 |
_aBlas Martínez, Rubén. _9135429 |
|
| 245 | 1 | 0 |
_aDiseño funcional y estructural de un invernadero para la producción de chile pimiento (Capsicum annuum L.) _h[En línea] _cpor Rubén Blas Martínez y Luz María García Arroyo. |
| 260 |
_aChapingo, Méx. : _bEl autor., _c2018. |
||
| 500 | _aPara ver el contenido del material haga clic en la liga | ||
| 502 | _aTesis (Ing. en Irrigación) -- UACH. Departamento de Irrigación | ||
| 590 |
_aBATCH-UPD _b05 _c20181002 _lUCH01 _h1102 |
||
| 590 |
_aBATCH _b00 _c20181121 _lUCH01 _h0759 |
||
| 590 |
_aE11695DGD _b10 _c20190523 _lUCH01 _h1210 |
||
| 590 |
_aE5765TAJ _b05 _c20180831 _lUCH01 _h1116 |
||
| 590 |
_aE5765TAJ _b05 _c20181002 _lUCH01 _h1101 |
||
| 590 |
_aE5765TAJ _b05 _c20181002 _lUCH01 _h1109 |
||
| 650 | 1 | 4 |
_aChile pimiento _xCultivos en invernadero. _9132665 |
| 650 | 1 | 4 |
_aChile pimiento _xRendimiento. _922487 |
| 650 | 1 | 4 |
_aInvernaderos _xDiseño y construcción. _960175 |
| 700 | 1 |
_aGarcía Arroyo, Luz María. _9135430 |
|
| 856 |
_aFinding aid _uhttp://10.13.5.2/tesis/sist115015.pdf _zTeclea aquí |
||
| 901 | _aBK | ||
| 942 | _cTESIS | ||
| 942 | _n0 | ||
| 999 |
_c111476 _d111476 |
||